000 00279nam a2200121Ia 4500
008 170620s9999 xx 000 0 und d
100 _aWILSON -WALKER
245 0 _aPRACTICAL BIOCHEMISTRY
260 _bCAMBRIDGE
260 _c2005
300 _a784
546 _aEnglish
690 _aPRACTICAL BIOCHEMISTRY
999 _c30621
_d30621